Les demoiselles de Rochefort - Statistiques

Statistiques générales
  • Ce quiz a été pris 85 fois
  • Le résultat moyen est 8 sur 15
Statistiques - réponses
Question Réponse % Correct
Qui a composé les musiques du film ? Michel Legrand
79%
Comment s'appelle la mère des Jumelles? Yvonne
77%
Qui est le fils de Simon ? Boubou
76%
Que Maxence cherche-t-il vainement ? Son idéal féminin
68%
Où prétend-elle habiter afin d'éviter Simon ? Au Mexique
66%
Comment s'appelle l'amour secret de yvonne ? Simon Dame
66%
Quelle est la première chanson chantée dans le film ? La chanson des jumelles
65%
Que fait-il dans la vie ? Rentier
63%
"Je pourrais vous parler de ses yeux de ses mains..." "...je pourrais vous parler d'elle jusqu'à demain"
61%
Qui voit-on en premier dans le film? Les forains
53%
Pourquoi Dutrou fait-il des manières pour découper le gâteau? Parce qu'il a découpé Lola Lola en morceaux
50%
Comment s'appellent les forains ? Bill et Etienne
35%
Où va Maxence pour visiter sa famille ? "Il va en permanente"
27%
Quel itinéraire donne Delphine à Andy pour aller chez le marchand de piano ? "C'est ici à gauche et puis deux fois à droite!"
16%
Comment Simon interprète-t-il le prénom de Solange ? "La clef de sol et l'envol des anges"
11%
Aucun quiz correspondant
Distribution des résultats
% des personnes avec chaque résultat
Percentile par nombre de réponses
Votre historique - résultats
Vous n’avez pas pris ce quiz